Laddar...

Principles of Engineering Geology &GeoTechnics

Bibliografiska uppgifter
Huvudupphovsman: Krymine,Dimitri,P
Materialtyp: Printed Book
Publicerad: NewYork McGraw Hill. 1957
LEADER 00387nam a2200109 4500
999 |c 181196  |d 181196 
082 |a 624  |b KRY.P 
100 |a Krymine,Dimitri,P. 
245 |a Principles of Engineering Geology &GeoTechnics  |c Krymine,Dimitri,P. 
260 |a NewYork  |c 1957  |b McGraw Hill. 
942 |c BK 
952 |0 0  |1 0  |4 0  |6 624_000000000000000_KRY_P  |7 0  |9 194558  |a GEO  |b GEO  |d 2020-02-12  |l 0  |o 624 KRY.P  |p GEO326  |r 2019-10-25  |y BK